000 00611cam a22002531 4500
001 sa 65004956
003 DLC
005 20260227112134.0
008 900118s1962 ii 000 0 urdr
010 _asa 65004956
035 _a(OCoLC)20922198
040 _aDLC
_cWaU
_dDLC
042 _apremarc
043 _aa-ii---
050 0 0 _aDS427
_b.Q3
100 1 _aQādrī, Shaidā.
245 1 0 _aMusalmān kaise maḥfūz rahen̲.
260 _c[1962?]
300 _a32 p.
_c19 cm.
500 _aCover title.
500 _aIn Urdu.
500 _aText partially vocalized.
650 0 _aMuslims
_zIndia.
999 _c64048
_d64048